La exposición perfecta: Guía profesional para captar las mejores fotografías digitales.

Zapisane w:
Opis bibliograficzny
1. autor: Freeman, Michael (autor)
Kolejni autorzy: Rosés Martínez, Francisco (traductor, revisión de la edición en lengua española)
Format: Książka
Wydane: Barcelona, España: Blume, 2018.
Wydanie:Edición revisada y actualizada.
Hasła przedmiotowe:
Etykiety: Dodaj etykietę
Nie ma etykietki, Dołącz pierwszą etykiete!

MARC

LEADER 00000nam a22000007a 4500
003 CL-VaPUC
005 20250321101929.0
008 250121t2018 ||||| |||| 00| 0 eng d
999 |c 446726  |d 446724 
020 |a 978-84-17254-51-3 
040 |c Pontificia Universidad Católica de Valparaíso 
082 |a 775 FRE 2018 
100 |9 489867  |a Freeman, Michael  |e autor 
245 |a La exposición perfecta:  |b Guía profesional para captar las mejores fotografías digitales. 
250 |a Edición revisada y actualizada. 
260 |a Barcelona, España:  |b Blume,  |c 2018. 
300 |a 192 páginas:  |b fotografías. 
500 |a c.1-c.2. Instituto Arcos.08-01-2025. 
583 |c 20250121  |k Gabriela Rodríguez Cuevas 
650 0 |9 268495  |a Fotografía  |x Técnicas digitales  |v Manuales 
650 0 |a Fotografía digital  |9 475074 
700 |a Rosés Martínez, Francisco  |e traductor  |e revisión de la edición en lengua española  |9 895713 
942 |2 ddc  |c BK  |n 0 
952 |0 0  |1 0  |2 ddc  |4 0  |6 775_000000000000000_FRE_2018  |7 0  |9 599715  |a BIBINC  |b BIBINC  |c GEN  |d 2025-01-21  |e Instituto Arcos  |i 5664575  |o 775 FRE 2018  |p 5664575  |r 2025-01-21  |t 1  |w 2025-01-21  |y BK  |k IFP 
952 |0 0  |1 0  |2 ddc  |4 0  |6 775_000000000000000_FRE_2018  |7 0  |9 599716  |a BIBINC  |b BIBINC  |c GEN  |d 2025-01-21  |e Instituto Arcos  |i 5664576  |o 775 FRE 2018  |p 5664576  |r 2025-01-21  |t 2  |w 2025-01-21  |y BK  |k IFP